Hrdina /

Hlavní autor: Shotz, Jennifer Li
Další autoři: Štěpáníková, Lenka
Jazyk: Čeština
Vydáno: Brno : CPress, 2018
Vydání: 1. vydání
Témata:
Fyzický popis: 223 stran : ilustrace ; 22 cm
Knihy
Uloženo v:
LEADER 01583nam a2200469 i 4500
001 nkc20182995046
003 CZ PrNK
005 20260530083820.0
007 ta
008 180430s2018 xr a c 000 j cze
015 |a cnb002995046 
020 |a 978-80-264-1884-9  |q (vázáno) :  |c Kč 249,00 
035 |a (OCoLC)1039836580 
040 |a OLA001  |b cze  |e rda 
041 1 |a cze  |h eng 
072 7 |a 821.111(73)-3  |x Americká próza  |2 Konspekt  |9 25 
072 7 |a 821-93  |x Literatura pro děti a mládež (beletrie)  |2 Konspekt  |9 26 
080 |a 821.111(73)-32  |2 MRF 
080 |a 821-93  |2 MRF 
080 |a (0:82-32)  |2 MRF 
100 1 |a Shotz, Jennifer Li  |7 osa2018991530  |4 aut 
240 1 0 |a Hero.  |l Česky 
245 1 0 |a Hrdina /  |c Jennifer Li Shotzová ; překlad: Lenka Štěpáníková 
250 |a 1. vydání 
264 1 |a Brno :  |b CPress,  |c 2018 
300 |a 223 stran :  |b ilustrace ;  |c 22 cm 
336 |a text  |b txt  |2 rdacontent 
337 |a bez média  |b n  |2 rdamedia 
338 |a svazek  |b nc  |2 rdacarrier 
500 |a Přeloženo z angličtiny 
521 8 |a Pro čtenáře od 10 let 
655 7 |a americké příběhy  |7 fd131795  |2 czenas 
655 7 |a publikace pro děti  |7 fd133156  |2 czenas 
655 9 |a American stories  |2 eczenas 
655 9 |a children's literature  |2 eczenas 
700 1 |a Štěpáníková, Lenka  |7 jo2012702653  |4 trl 
910 2 |a BOA001  |b 2-1406.764 
928 9 |a Albatros Media - CPress 
990 |a BK 
995 |a 01 
991 |b 201805  |c NOV 
996 6 |b 2610742252  |c 2-1406.764  |l MZK  |r Sklad / do 1 hodiny  |n 0  |p p.v.  |w 001662989  |u 000010  |a 1  |e BOA001  |j MZK50  |s P